000 00540nam a22001937a 4500
003 KOHA_MİRAKIL
005 20250407170125.0
008 250407b tu ||||| |||| 00| 0 tur d
020 _a9789753420952
040 _aTR-AnABB
_btur
_cTR-AnABB
041 _atur
082 _a302
_bGAS 2019
100 1 _aGasset, Jose Ortega y,
245 1 0 _aİnsan ve herkes /
_cJose Ortega y Gasset
260 _aİstanbul :
_bMetis Yayıncılık,
_c2019
300 _a245 sayfa ;
_c20 cm
650 0 0 _aToplumsal değişim
942 _2ddc
_cBK
999 _c8599
_d8599
900 _bGizem YORULMAZ